[Event "Kemerovo-ch"]
[Site "Kemerovo"]
[Date "2014.04.30"]
[Round "9"]
[White "Demarchek, Alexander"]
[Black "Zakharov, Sergei D"]
[Result "1-0"]
[WhiteElo "1979"]
[BlackElo "2221"]
[PlyCount "65"]
[EventDate "2014.04.02"]
[EventType "swiss"]
[EventRounds "9"]
[EventCountry "RUS"]
[SourceTitle "CBM 160 Extra"]
[Source "ChessBase"]
[SourceDate "2014.07.01"]
[SourceVersion "1"]
[SourceVersionDate "2014.07.01"]
[SourceQuality "1"]

1. e4 c6 2. d4 d6 3. Nc3 g6 4. f4 Bg7 5. Nf3 Nf6 6. Bd3 a6 7. 0-0 0-0 8. Qe1 b5 9. e5 Nd5 10. Ne4 dxe5 11. fxe5 Bf5 12. Qh4 Bxe4 13. Bxe4 f6 14. Bh6 Bxh6 15. Qxh6 Rf7 16. Ng5 Qf8 17. Nxf7 Qxf7 18. exf6 exf6 19. Rae1 Nd7 20. Bxd5 cxd5 21. Qf4 Re8 22. Qd6 Re4 23. Qxa6 f5 24. Qxb5 Nf6 25. a4 Ng4 26. Rxe4 dxe4 27. Qb3 Qxb3 28. cxb3 e3 29. a5 Nf6 30. a6 Nd7 31. a7 Nb6 32. Rc1 Kf7 33. Rc7+ 1-0

[Event "Urals-ch 72nd"]
[Site "Tiumen"]
[Date "2014.03.25"]
[Round "6"]
[White "Zakharov, Sergei D"]
[Black "Kitaev, Ilya"]
[Result "0-1"]
[WhiteElo "2221"]
[BlackElo "2061"]
[PlyCount "54"]
[EventDate "2014.03.20"]
[EventType "swiss"]
[EventRounds "9"]
[EventCountry "RUS"]
[SourceTitle "CBM 159 Extra"]
[Source "ChessBase"]
[SourceDate "2014.04.24"]
[SourceVersion "1"]
[SourceVersionDate "2014.04.24"]
[SourceQuality "1"]

1. b3 e5 2. Bb2 Nc6 3. e3 d6 4. Nf3 Nf6 5. d4 exd4 6. Nxd4 Bd7 7. c4 g6 8. Be2 Bg7 9. 0-0 0-0 10. Bf3 Ne5 11. Bxb7 Rb8 12. Bd5 c6 13. Bf3 Nxc4 14. Bc3 Ne5 15. Be2 Ne4 16. Be1 c5 17. Nc2 Qe7 18. f3 Nf6 19. Nc3 Bc6 20. e4 Ne8 21. Ne3 Nc7 22. Rc1 Ne6 23. Ncd5 Qd8 24. Kh1 Nd4 25. Nc2 Nxe2 26. Qxe2 Bb5 27. Qf2 Nd3 0-1

[Event "Tiumen UrFO-ch op"]
[Site "Tiumen"]
[Date "2009.05.12"]
[Round "9"]
[White "Galeev, Insaf"]
[Black "Zakharov, Sergei D"]
[Result "0-1"]
[WhiteElo "1954"]
[BlackElo "2283"]
[PlyCount "72"]
[EventDate "2009.05.04"]
[EventType "swiss"]
[EventRounds "9"]
[EventCountry "RUS"]
[SourceTitle "EXT 2010"]
[Source "ChessBase"]
[SourceDate "2010.11.25"]
[SourceVersion "1"]
[SourceVersionDate "2010.11.25"]
[SourceQuality "1"]

1. d4 d5 2. c4 e6 3. Nf3 Nf6 4. Nc3 a6 5. e3 c5 6. cxd5 exd5 7. Be2 Nc6 8. 0-0 Bd6 9. a3 0-0 10. dxc5 Bxc5 11. b4 Ba7 12. Bb2 Re8 13. Qc2 Be6 14. b5 axb5 15. Nxb5 Bb8 16. Rfd1 Ne4 17. Nbd4 Qd6 18. g3 Bg4 19. Rac1 Na5 20. Nb5 Qh6 21. Bd4 Qh5 22. Kg2 Ng5 23. Ng1 Nc4 24. Bxg4 Qxg4 25. h3 Qd7 26. a4 Ra6 27. h4 Ne4 28. Ne2 Rg6 29. Nf4 Bxf4 30. exf4 Nxg3 31. fxg3 Re3 32. Kf2 Rexg3 33. Rg1 Qh3 34. Rxg3 Qxg3+ 35. Kf1 Qxf4+ 36. Bf2 Ne3+ 0-1